[Event "Copenhagen Challenge"]
[Site "Ballerup"]
[Date "2015.05.01"]
[Round "5"]
[White "Bekker Jensen, David"]
[Black "Haug, Johannes"]
[Result "1/2-1/2"]
[WhiteElo "2259"]
[BlackElo "2339"]
[PlyCount "112"]
[EventDate "2015.04.29"]
[EventType "swiss"]
[EventRounds "9"]
[EventCountry "DEN"]
[SourceTitle "CBM 166 Extra"]
[Source "ChessBase"]
[SourceDate "2015.06.18"]
[SourceVersion "1"]
[SourceVersionDate "2015.06.18"]
[SourceQuality "1"]

1. d4 Nf6 2. c4 e6 3. Nc3 Bb4 4. e3 0-0 5. Nge2 d5 6. a3 Bd6 7. Ng3 c6 8. Bd3 Nbd7 9. 0-0 dxc4 10. Bxc4 e5 11. Ba2 Bc7 12. Qc2 exd4 13. exd4 Re8 14. Bg5 Nf8 15. Nce4 Bxg3 16. Nxf6+ gxf6 17. fxg3 fxg5 18. Bxf7+ Kg7 19. Bxe8 Qxe8 20. Qf2 Ne6 21. Qf6+ Kg8 22. Rae1 Bd7 23. Re5 Qg6 24. Qe7 Qe8 25. Qd6 Rd8 26. Rfe1 Bc8 27. Qb4 Rd5 28. R5e4 Qf7 29. Qc3 h6 30. Qe3 Rf5 31. h3 Rf6 32. Re5 Bd7 33. Kh2 Kg7 34. Qb3 Nxd4 35. Qxb7 Be6 36. Qxf7+ Bxf7 37. Rd1 Rd6 38. Rde1 Ne6 39. Ra5 Rd7 40. Re4 Rb7 41. b4 Kf6 42. Ra6 Be8 43. g4 Bd7 44. Ra5 Ke7 45. h4 Kd6 46. Rf5 gxh4 47. Rf6 Rb5 48. Rxh6 c5 49. bxc5+ Rxc5 50. Rxh4 Rc2 51. g5 Nxg5 52. Rd4+ Ke5 53. Rxd7 Nf3+ 54. Kg3 Nxh4 55. Kxh4 Rxg2 56. Rxa7 Kd6 1/2-1/2

[Event "Copenhagen Challenge"]
[Site "Ballerup"]
[Date "2015.05.01"]
[Round "4"]
[White "Carstensen, Jacob"]
[Black "Bekker Jensen, David"]
[Result "1/2-1/2"]
[WhiteElo "2370"]
[BlackElo "2259"]
[PlyCount "140"]
[EventDate "2015.04.29"]
[EventType "swiss"]
[EventRounds "9"]
[EventCountry "DEN"]
[SourceTitle "CBM 166 Extra"]
[Source "ChessBase"]
[SourceDate "2015.06.18"]
[SourceVersion "1"]
[SourceVersionDate "2015.06.18"]
[SourceQuality "1"]

1. d4 Nf6 2. c4 g6 3. Nc3 Bg7 4. e4 d6 5. Nf3 0-0 6. Be2 Nbd7 7. 0-0 e5 8. Be3 Qe7 9. Qc2 c6 10. Rad1 h6 11. h3 exd4 12. Bxd4 Re8 13. Rfe1 Ne5 14. Be3 Nxf3+ 15. Bxf3 Nh7 16. Qd2 Qh4 17. Qxd6 Be5 18. Qd2 Ng5 19. Bxg5 hxg5 20. g3 Qxh3 21. Qxg5 Qh8 22. Qe3 Be6 23. Be2 Red8 24. Rxd8+ Rxd8 25. Rd1 Rxd1+ 26. Nxd1 Bd4 27. Qf4 Be5 28. Qd2 Kh7 29. b3 Qf8 30. Ne3 Qc5 31. Bg4 Bd4 32. Bxe6 Bxe3 33. Qd7 Bxf2+ 34. Kg2 Bd4 35. Bxf7 Bg7 36. Qh3+ Qh5 37. Qxh5+ gxh5 38. Bxh5 Kh6 39. Be8 Kg5 40. Kf3 Be5 41. Bd7 c5 42. Bc8 b6 43. Ba6 Kh5 44. a3 Kg5 45. b4 Kh5 46. b5 Kg5 47. Bc8 Bd4 48. a4 Be5 49. Bg4 Bd4 50. Bh3 Be5 51. Bf1 Bd4 52. Be2 Be5 53. Bd1 Bd4 54. g4 Be5 55. Ke3 Bd4+ 56. Kd3 Kf4 57. Be2 Be5 58. Bd1 Kg5 59. Kc2 Kf4 60. Kb3 Kxe4 61. a5 bxa5 62. Bc2+ Kd4 63. g5 a4+ 64. Kxa4 Kxc4 65. Ka5 Kc3 66. Bf5 c4 67. Ka6 Kb4 68. g6 c3 69. Bd3 Bg7 70. Kxa7 c2 1/2-1/2

[Event "DEN-ch cand"]
[Site "Svendborg"]
[Date "2015.04.04"]
[Round "5"]
[White "Bekker Jensen, David"]
[Black "Thogersen, Rasmus"]
[Result "0-1"]
[WhiteElo "2259"]
[BlackElo "2127"]
[PlyCount "64"]
[EventDate "2015.03.31"]
[EventType "swiss"]
[EventRounds "7"]
[EventCountry "DEN"]
[SourceTitle "EXT 2018"]
[Source "ChessBase"]
[SourceDate "2017.10.13"]
[SourceVersion "1"]
[SourceVersionDate "2017.10.13"]
[SourceQuality "1"]

1. e4 Nf6 2. e5 Nd5 3. d4 d6 4. Nf3 Bg4 5. h3 Bh5 6. e6 fxe6 7. Be2 Nc6 8. 0-0 Qd7 9. Re1 Nf6 10. Nc3 0-0-0 11. Ng5 Bg6 12. Nxe6 Nb4 13. Bb5 c6 14. Ba4 Re8 15. Bf4 Bf5 16. Ng5 h6 17. Nf3 g5 18. Bg3 h5 19. d5 h4 20. dxc6 Nxc6 21. Bh2 e5 22. b4 Bxh3 23. gxh3 Qxh3 24. Bxc6 bxc6 25. Qe2 g4 26. Nxe5 dxe5 27. Bxe5 Kb7 28. Rad1 g3 29. f4 g2 30. Rd3 Qh1+ 31. Kf2 Rg8 32. Rxh1 gxh1Q 0-1

[Event "Reykjavik op"]
[Site "Reykjavik"]
[Date "2014.03.09"]
[Round "7"]
[White "Bekker Jensen, David"]
[Black "Berg, Runar"]
[Result "1-0"]
[WhiteElo "2299"]
[BlackElo "2117"]
[PlyCount "43"]
[EventDate "2014.03.04"]
[EventType "swiss"]
[EventRounds "10"]
[EventCountry "ISL"]
[SourceTitle "CBM 159 Extra"]
[Source "ChessBase"]
[SourceDate "2014.04.24"]
[SourceVersion "1"]
[SourceVersionDate "2014.04.24"]
[SourceQuality "1"]

1. d4 d5 2. c4 dxc4 3. Qa4+ c6 4. Qxc4 Nf6 5. Nf3 e6 6. Qc2 Be7 7. e4 Nbd7 8. Nc3 b6 9. Bd3 h6 10. 0-0 Bb7 11. Rd1 Qc8 12. Qe2 a5 13. Bf4 0-0 14. Rac1 Qd8 15. e5 Nd5 16. Qe4 f5 17. exf6 Rxf6 18. Qh7+ Kf7 19. Be5 Nf8 20. Qe4 Rf5 21. Nxd5 cxd5 22. Qg4 1-0

[Event "Reykjavik op"]
[Site "Reykjavik"]
[Date "2014.03.06"]
[Round "4"]
[White "Karlsson, Mikael Johann"]
[Black "Bekker Jensen, David"]
[Result "0-1"]
[WhiteElo "2051"]
[BlackElo "2299"]
[PlyCount "56"]
[EventDate "2014.03.04"]
[EventType "swiss"]
[EventRounds "10"]
[EventCountry "ISL"]
[SourceTitle "CBM 159 Extra"]
[Source "ChessBase"]
[SourceDate "2014.04.24"]
[SourceVersion "1"]
[SourceVersionDate "2014.04.24"]
[SourceQuality "1"]

1. c4 g6 2. g3 Bg7 3. Bg2 e5 4. Nc3 d6 5. d3 Nc6 6. e4 h5 7. h4 Nd4 8. Bg5 f6 9. Be3 c5 10. Nd5 Ne7 11. Qd2 Nxd5 12. cxd5 b5 13. Bxd4 cxd4 14. Rc1 Bh6 15. f4 Bd7 16. Ne2 0-0 17. Kf2 f5 18. Rc2 fxe4 19. dxe4 d3 20. Qxd3 exf4 21. Ke1 Qa5+ 22. Qc3 Qxa2 23. Qd2 Rac8 24. Rxc8 Rxc8 25. gxf4 Qb3 26. Qd4 Bg4 27. Qf6 Qe3 28. Qxg6+ Bg7 0-1

[Event "Copenhagen Obro New Year op"]
[Site "Copenhagen"]
[Date "2013.12.29"]
[Round "5"]
[White "Vesterli, Michael"]
[Black "Bekker Jensen, David"]
[Result "1-0"]
[WhiteElo "2062"]
[BlackElo "2316"]
[PlyCount "65"]
[EventDate "2013.12.27"]
[EventType "swiss"]
[EventRounds "7"]
[EventCountry "DEN"]
[SourceTitle "EXT 2018"]
[Source "ChessBase"]
[SourceDate "2017.10.13"]
[SourceVersion "1"]
[SourceVersionDate "2017.10.13"]
[SourceQuality "1"]

1. d4 Nf6 2. c4 g6 3. Nc3 Bg7 4. e4 d6 5. Nf3 0-0 6. Be2 Na6 7. 0-0 e5 8. Be3 c6 9. Qc2 h6 10. dxe5 Ng4 11. Rad1 Nxe3 12. fxe3 Qb6 13. exd6 Qxe3+ 14. Kh1 Be6 15. Nd4 Bd7 16. Rf3 Qg5 17. Nb3 Rae8 18. a3 Re5 19. Nc1 Qh4 20. g3 Qh3 21. Nd3 Ree8 22. Nf4 Qg4 23. h4 Bc8 24. d7 Qxd7 25. Rxd7 Bxd7 26. b4 Nc7 27. Rd3 Bc8 28. Bf3 Be5 29. Nd1 g5 30. Nh5 Ne6 31. Ne3 Nd4 32. Qd1 Rd8 33. Bg4 1-0

[Event "Koge Xtracon op"]
[Site "Koge"]
[Date "2013.10.15"]
[Round "2"]
[White "Bekker Jensen, David"]
[Black "Malmqvist, Glenn"]
[Result "1/2-1/2"]
[WhiteElo "2321"]
[BlackElo "2102"]
[PlyCount "91"]
[EventDate "2013.10.14"]
[EventType "swiss"]
[EventRounds "9"]
[EventCountry "DEN"]
[SourceTitle "EXT 2014"]
[Source "ChessBase"]
[SourceDate "2013.11.20"]
[SourceVersion "1"]
[SourceVersionDate "2013.11.20"]
[SourceQuality "1"]

1. d4 Nf6 2. c4 g6 3. g3 Bg7 4. Bg2 c5 5. d5 d6 6. Nc3 0-0 7. Nf3 e5 8. 0-0 a6 9. a4 b6 10. Ne1 Nh5 11. e4 Ra7 12. Be3 Rb7 13. Nd3 f5 14. exf5 Bxf5 15. Ne4 h6 16. Qd2 g5 17. a5 bxa5 18. Rxa5 Rb3 19. Ndxc5 dxc5 20. Nxc5 Rxb2 21. Qxb2 Qxa5 22. Nb7 Qa4 23. c5 e4 24. Qd2 Nf6 25. c6 Nxc6 26. Nc5 Qb4 27. dxc6 Qxd2 28. Bxd2 Rc8 29. Nxa6 Rxc6 30. Nb4 Rd6 31. Bc3 Nd7 32. Bxg7 Kxg7 33. Re1 Nc5 34. Nc2 Nd3 35. Ne3 Bg6 36. Rd1 Rf6 37. Rd2 Rb6 38. Bf1 Rb1 39. Kg2 Ne1+ 40. Kh3 h5 41. g4 h4 42. Rd7+ Kf6 43. Rd6+ Kg7 44. Rd7+ Kf6 45. Rd6+ Kg7 46. Rd7+ 1/2-1/2

[Event "Berlin Lichtenrade op 09th"]
[Site "Berlin"]
[Date "2013.10.06"]
[Round "9"]
[White "Rettore, Ludwig"]
[Black "Bekker Jensen, David"]
[Result "1-0"]
[WhiteElo "2113"]
[BlackElo "2321"]
[PlyCount "145"]
[EventDate "2013.09.28"]
[EventType "swiss"]
[EventRounds "9"]
[EventCountry "GER"]
[SourceTitle "CBM 156 Extra"]
[Source "ChessBase"]
[SourceDate "2013.10.22"]
[SourceVersion "1"]
[SourceVersionDate "2013.10.22"]
[SourceQuality "1"]

1. e4 c5 2. Nf3 d6 3. d4 cxd4 4. Nxd4 Nf6 5. Nc3 a6 6. Be2 e5 7. Nb3 Be7 8. 0-0 0-0 9. Be3 Be6 10. Qd2 Nbd7 11. a4 Rc8 12. a5 Nc5 13. Nxc5 dxc5 14. Qxd8 Rfxd8 15. f3 c4 16. Kf2 Kf8 17. Na4 Nd7 18. Rfd1 Ke8 19. Nc3 Nf6 20. Rxd8+ Rxd8 21. Ra4 Rc8 22. g3 Rc6 23. f4 exf4 24. gxf4 Ng4+ 25. Bxg4 Bxg4 26. Bd4 f5 27. Nd5 Bh4+ 28. Ke3 fxe4 29. Bxg7 Be6 30. Kxe4 Rc5 31. Ne3 Bf2 32. Bd4 Rh5 33. f5 Bd7 34. Rxc4 Bc6+ 35. Ke5 Rh4 36. Bb6 Rxh2 37. Nf1 Rg2 38. Bxf2 Rxf2 39. Ne3 h5 40. Rh4 Re2 41. Kd4 Bf3 42. Rf4 Bc6 43. Rh4 Bf3 44. Kd3 Re1 45. Rh3 Bc6 46. Rxh5 Kf7 47. Rh4 Kf6 48. Rf4 Rh1 49. c4 Ra1 50. b4 Rb1 51. Kc3 Re1 52. Kd4 Rb1 53. Kc5 Rc1 54. Rf2 Rh1 55. Nd5+ Kf7 56. f6 Rc1 57. Nb6 Rh1 58. Nc8 Rh5+ 59. Kb6 Rh8 60. Nd6+ Ke6 61. c5 Rf8 62. f7 Bd5 63. Rf4 Ke7 64. Rg4 Rd8 65. Rg8 Rxg8 66. fxg8Q Bxg8 67. Kxb7 Kd7 68. Kxa6 Kc6 69. Nf5 Bc4+ 70. Ka7 Bd3 71. Nd4+ Kd5 72. c6 Kxd4 73. c7 1-0

[Event "Berlin Lichtenrade op 09th"]
[Site "Berlin"]
[Date "2013.10.02"]
[Round "5"]
[White "Bekker Jensen, David"]
[Black "Hahlbohm, Matthias"]
[Result "1-0"]
[WhiteElo "2321"]
[BlackElo "2125"]
[PlyCount "61"]
[EventDate "2013.09.28"]
[EventType "swiss"]
[EventRounds "9"]
[EventCountry "GER"]
[SourceTitle "CBM 156 Extra"]
[Source "ChessBase"]
[SourceDate "2013.10.22"]
[SourceVersion "1"]
[SourceVersionDate "2013.10.22"]
[SourceQuality "1"]

1. d4 d5 2. c4 e6 3. Nc3 Nf6 4. cxd5 exd5 5. Bg5 Be7 6. e3 0-0 7. Bd3 h6 8. Bf4 Bd6 9. Bg3 Re8 10. Nge2 c6 11. Qc2 Qe7 12. 0-0 Nh5 13. Bxd6 Qxd6 14. e4 dxe4 15. Nxe4 Qd8 16. Rfe1 Nd7 17. Nd6 Rf8 18. Nc3 Nhf6 19. Qe2 Nb6 20. Qe5 Nbd7 21. Qf4 Nb6 22. Rad1 Nbd5 23. Nxd5 cxd5 24. b3 b6 25. Re3 Be6 26. Bf5 Bd7 27. Rh3 Qb8 28. Bxd7 Nxd7 29. Rg3 g6 30. Qxh6 Nf6 31. Nf5 1-0